00655nam a22001937a 450000500170000000800410001702000180005804000180007608200190009410000220011324501070013525000120024226000690025430000300032365000300035365000330038365000200041665000250043620220525111434.0220524b ||||| |||| 00| 0 eng d a9780070648241 cAIMIT LIBRARY 26a511.8bROSK aRosen, Kenneth H. aDiscrete mathematics and its applications:bwith combinatorics and graph theory /cBy Kenneth H Rosen. a6th ed. aNew Delhi :bTata McGraw Hill Education Private LImited ,c2010. axxi, 787,I-23p. ;c24 cm. aIntroduction to recursion aAdvanced counting techniques aBoolean algebra aModeling computation